| 000 | 00562nam a2200169 i 4500 | ||
|---|---|---|---|
| 001 | 170466 | ||
| 003 | ES-MaACL | ||
| 005 | 20230906214401.0 | ||
| 007 | t| | ||
| 008 | 090306s1969 sz ||||1| fre d | ||
| 100 | 1 |
_aWedekind, Frank. _9116281 |
|
| 245 | 1 | 0 |
_aLulu / _cde Frank Wedekind ; version française et adaptation par Pierre Jean Jouve. |
| 260 |
_aLausanne : _bL'Age d'Homme, _c1969. |
||
| 300 |
_a186 p., [4] h. ; _c21 cm. |
||
| 700 | 1 |
_aJouve, Pierre Jean. _9139604 |
|
| 852 | 4 |
_aES-MaACL _jE-12485 _9R.140097 _z. - Biblioteca Jacinto MartÃnez Lacalle |
|
| 999 |
_c170466 _d170466 |
||